| Tag |
First Indicator |
Second Indicator |
Subfields |
| LEADER |
00000cam a2200000 4500 |
| 001 |
in00000020961 |
| 005 |
20151007055535.0 |
| 008 |
700518s1963 sz af 00010 eng |
| 010 |
|
|
|a 74461520
|
| 015 |
|
|
|a Sw68-A-3977
|
| 035 |
|
|
|a (OCoLC)00075219
|
| 035 |
|
|
|9 AAB8530AM
|
| 040 |
|
|
|a DLC
|c DLC
|d m.c.
|d TXA
|d UtOrBLW
|
| 049 |
|
|
|a TXAM
|c [A08356591]
|
| 050 |
0 |
0 |
|a NB853.A7
|b A65
|
| 050 |
|
4 |
|a NB853.A7
|b A65 1963
|
| 082 |
0 |
|
|a 730/.924
|
| 100 |
1 |
|
|a Anfitheatrof, Erik.
|
| 245 |
1 |
0 |
|a Metalworks of Nag Arnoldi /
|c by Erik Anfitheatrof ; [Photographs: Lone Hernasconi].
|
| 264 |
|
1 |
|a [Lugano?] :
|b Editions de la Licorne,
|c [1963]
|
| 300 |
|
|
|a 16 pages, 51 pages of plates :
|b illustrations ;
|c 31 cm.
|
| 336 |
|
|
|a text
|b txt
|2 rdacontent
|
| 337 |
|
|
|a unmediated
|b n
|2 rdamedia
|
| 338 |
|
|
|a volume
|b nc
|2 rdacarrier
|
| 500 |
|
|
|a "Decembre 1963."
|
| 600 |
1 |
0 |
|a Arnoldi, Nag,
|d 1928-
|
| 999 |
|
|
|a MARS
|
| 999 |
f |
f |
|s 46370461-ef9d-3b64-a724-4e899a66f7fa
|i 96126a04-b237-303e-8559-948020981dfd
|t 0
|
| 952 |
f |
f |
|p normal
|a Texas A&M University
|b College Station
|c Sterling C. Evans Library
|d Evans: Library Stacks
|t 0
|e NB853.A7 A65 1963
|h Library of Congress classification
|i unmediated -- volume
|m A14808356591
|
| 998 |
f |
f |
|a NB853.A7 A65 1963
|t 0
|l Evans: Library Stacks
|